[Event "Krasnoyarsk Marchko Memorial"]
[Site "Krasnoyarsk"]
[Date "2016.12.20"]
[Round "4"]
[White "Lapin, Petr"]
[Black "Sosnin, Mikhail"]
[Result "1-0"]
[WhiteElo "2198"]
[BlackElo "2055"]
[PlyCount "77"]
[EventDate "2016.12.17"]
[EventType "tourn"]
[EventRounds "9"]
[EventCountry "RUS"]
[SourceTitle "CBM 176 Extra"]
[Source "ChessBase"]
[SourceDate "2017.03.02"]
[SourceVersion "1"]
[SourceVersionDate "2017.03.02"]
[SourceQuality "1"]

1. Nf3 d5 2. g3 Nf6 3. Bg2 c6 4. 0-0 Nbd7 5. d4 e6 6. c4 Be7 7. Qc2 b6 8. cxd5 cxd5 9. Bf4 Bb7 10. Nc3 Rc8 11. Rfc1 Ne4 12. Qa4 Nxc3 13. Rxc3 Rxc3 14. bxc3 a6 15. Qb3 0-0 16. a4 Qc8 17. Rc1 Bc6 18. Nd2 Qb7 19. c4 Nf6 20. Rb1 Bd8 21. Be5 dxc4 22. Bxc6 Qxc6 23. Qxc4 Qb7 24. Qd3 Be7 25. Nc4 Nd7 26. Bf4 Qc6 27. Qb3 g5 28. Bd2 Rb8 29. Ne3 Qe4 30. Rc1 Qxd4 31. Bc3 Qe4 32. Qb2 Qxa4 33. Be5 Rd8 34. Bd4 Nc5 35. Bh8 Bf8 36. Qf6 Rd2 37. Rc4 Qc6 38. Qxg5+ Kxh8 39. Rg4 1-0

[Event "Krasnoyarsk-ch"]
[Site "Krasnoyarsk"]
[Date "2015.02.08"]
[Round "11"]
[White "Bakhtiguzin, Andrey"]
[Black "Sosnin, Mikhail"]
[Result "0-1"]
[WhiteElo "2029"]
[BlackElo "2087"]
[PlyCount "88"]
[EventDate "2015.01.29"]
[EventType "tourn"]
[EventRounds "11"]
[EventCountry "RUS"]
[SourceTitle "CBM 164 Extra"]
[Source "ChessBase"]
[SourceDate "2015.03.02"]
[SourceVersion "1"]
[SourceVersionDate "2015.03.02"]
[SourceQuality "1"]

1. c4 c6 2. d4 d5 3. e3 e6 4. Nf3 Nf6 5. Nc3 Nbd7 6. Be2 dxc4 7. Bxc4 b5 8. Bd3 Bb7 9. a3 a6 10. b4 a5 11. Rb1 axb4 12. axb4 Nb6 13. Qb3 Nfd5 14. Nxd5 Nxd5 15. Bd2 Ra4 16. 0-0 Nxb4 17. Be2 Bd6 18. Ra1 Rxa1 19. Rxa1 Nd5 20. e4 Nc7 21. Ba5 0-0 22. d5 cxd5 23. e5 Bc5 24. Rc1 Qe7 25. Qc2 Na6 26. Bxb5 Rc8 27. Kh1 h6 28. Qe2 Nb8 29. Bd2 Qd8 30. g4 d4 31. Rg1 Qd5 32. Rg3 Be7 33. Kg2 Rc2 34. Bd3 Rb2 35. Qe1 Nd7 36. Kh3 Qa2 37. Qc1 Bxf3 38. Qc8+ Nf8 39. Rxf3 Rxd2 40. Qe8 f6 41. exf6 Bxf6 42. Bh7+ Kxh7 43. Rxf6 Qa3+ 44. Kh4 gxf6 0-1

[Event "Krasnoyarsk-ch"]
[Site "Krasnoyarsk"]
[Date "2014.02.09"]
[Round "11"]
[White "Sosnin, Mikhail"]
[Black "Levshenkov, Andrey"]
[Result "0-1"]
[WhiteElo "2081"]
[BlackElo "1977"]
[PlyCount "88"]
[EventDate "2014.01.30"]
[EventType "tourn"]
[EventRounds "11"]
[EventCountry "RUS"]
[SourceTitle "EXT 2016"]
[Source "ChessBase"]
[SourceDate "2015.10.08"]
[SourceVersion "1"]
[SourceVersionDate "2015.10.08"]
[SourceQuality "1"]

1. d4 d5 2. Nf3 Nf6 3. e3 c6 4. Bd3 Bg4 5. Nbd2 Nbd7 6. e4 dxe4 7. Nxe4 Nxe4 8. Bxe4 Nf6 9. Qd3 Nxe4 10. Qxe4 Bxf3 11. gxf3 Qd6 12. Bf4 Qb4+ 13. Ke2 Qb5+ 14. Kd2 e6 15. b3 Rd8 16. c4 Qb6 17. Be3 Qa5+ 18. Kc2 Be7 19. Rhg1 Bf6 20. a4 0-0 21. Rad1 Kh8 22. h4 b5 23. axb5 Qa2+ 24. Kc3 cxb5 25. c5 Qa3 26. Kc2 Qa2+ 27. Kc3 Qa3 28. Kc2 Qa2+ 29. Kd3 Qxb3+ 30. Ke2 Qc4+ 31. Rd3 b4 32. Rc1 Qb5 33. h5 Rd5 34. h6 gxh6 35. Rh1 h5 36. f4 a5 37. Kf3 a4 38. Rdd1 b3 39. Rh3 a3 40. Rdh1 h4 41. Qb1 a2 42. Qb2 Qd3 43. Kg2 Rg8+ 44. Kh2 Qe4 0-1

[Event "Krasnoyarsk-ch"]
[Site "Krasnoyarsk"]
[Date "2014.02.03"]
[Round "5"]
[White "Sosnin, Mikhail"]
[Black "Anikonov, Dmitry"]
[Result "1-0"]
[WhiteElo "2081"]
[BlackElo "2150"]
[PlyCount "96"]
[EventDate "2014.01.30"]
[EventType "tourn"]
[EventRounds "11"]
[EventCountry "RUS"]
[SourceTitle "EXT 2016"]
[Source "ChessBase"]
[SourceDate "2015.10.08"]
[SourceVersion "1"]
[SourceVersionDate "2015.10.08"]
[SourceQuality "1"]

1. d4 d5 2. Nf3 Nf6 3. e3 c6 4. c4 e6 5. Nc3 Nbd7 6. Qc2 Bd6 7. a3 0-0 8. b4 Qe7 9. c5 Bc7 10. e4 e5 11. Bg5 exd4 12. Nxd4 dxe4 13. Be2 a5 14. Rd1 axb4 15. axb4 Re8 16. g3 h6 17. Be3 Nf8 18. 0-0 Ng4 19. Bc4 Ng6 20. Bc1 N6e5 21. Be2 f5 22. Rfe1 Qf7 23. h3 Nf6 24. Bf4 Kh8 25. b5 Bd7 26. b6 Bb8 27. Ra1 Rxa1 28. Rxa1 g5 29. Bc1 Ng6 30. Nd1 f4 31. g4 Qe7 32. f3 Nh4 33. Bb2 exf3 34. Bf1 Bc8 35. Nf2 Kg7 36. Qc3 Be5 37. Re1 Nd5 38. Nf5+ Nxf5 39. Qxe5+ Qxe5 40. Bxe5+ Kf7 41. gxf5 Bxf5 42. Bc4 Be6 43. Ne4 Re7 44. Nd6+ Kg6 45. Bd3+ Kh5 46. Be4 Kh4 47. Bxd5 cxd5 48. Bd4 Kg3 1-0

[Event "Krasnoyarsk-ch"]
[Site "Krasnoyarsk"]
[Date "2014.02.02"]
[Round "4"]
[White "Piskunova, Maria"]
[Black "Sosnin, Mikhail"]
[Result "0-1"]
[WhiteElo "1875"]
[BlackElo "2081"]
[PlyCount "92"]
[EventDate "2014.01.30"]
[EventType "tourn"]
[EventRounds "11"]
[EventCountry "RUS"]
[SourceTitle "EXT 2016"]
[Source "ChessBase"]
[SourceDate "2015.10.08"]
[SourceVersion "1"]
[SourceVersionDate "2015.10.08"]
[SourceQuality "1"]

1. e4 c6 2. d4 d5 3. exd5 cxd5 4. Bd3 Nc6 5. c3 e5 6. dxe5 Nxe5 7. Bc2 Nf6 8. h3 Bc5 9. Ne2 0-0 10. 0-0 Be6 11. Nd4 Qd7 12. Nxe6 fxe6 13. Qe2 Nc4 14. Nd2 Nd6 15. Nf3 Nfe4 16. Be3 Qc7 17. Nd4 Rf6 18. Qd3 g6 19. f3 Ng3 20. Rfe1 Nf7 21. Bf2 Re8 22. f4 Ne4 23. g3 Nfd6 24. Kg2 Nxf2 25. Kxf2 e5 26. Kg2 exd4 27. Rxe8+ Nxe8 28. cxd4 Bf8 29. Bb3 Qf7 30. Qf3 Rd6 31. Rc1 Qd7 32. g4 b6 33. f5 gxf5 34. gxf5 Kh8 35. Rg1 Qg7+ 36. Kh1 Qxd4 37. Bc2 Qxb2 38. Bd3 Nf6 39. Qg3 Qxa2 40. Bb5 Qc2 41. Bd3 Qc3 42. h4 a5 43. h5 a4 44. h6 a3 45. Rg2 Qc1+ 46. Rg1 Qxh6+ 0-1

[Event "Krasnoyarsk-ch"]
[Site "Krasnoyarsk"]
[Date "2014.01.31"]
[Round "2"]
[White "Sosnin, Mikhail"]
[Black "Kostyleva, Alexandra"]
[Result "1-0"]
[WhiteElo "2081"]
[BlackElo "1904"]
[PlyCount "75"]
[EventDate "2014.01.30"]
[EventType "tourn"]
[EventRounds "11"]
[EventCountry "RUS"]
[SourceTitle "EXT 2016"]
[Source "ChessBase"]
[SourceDate "2015.10.08"]
[SourceVersion "1"]
[SourceVersionDate "2015.10.08"]
[SourceQuality "1"]

1. d4 d6 2. Nf3 Nf6 3. h3 g6 4. Bf4 c6 5. c3 Bg7 6. Nbd2 Nbd7 7. e4 Nh5 8. Bh2 e5 9. g4 Nf4 10. Nc4 Nb6 11. dxe5 Nxc4 12. Bxc4 dxe5 13. Qxd8+ Kxd8 14. Bxf4 exf4 15. Bxf7 Ke7 16. Bb3 Be6 17. Bxe6 Kxe6 18. 0-0-0 h6 19. Rd3 Rad8 20. Rhd1 Bf6 21. Kc2 Rxd3 22. Rxd3 Rd8 23. Rxd8 Bxd8 24. Kd3 Bb6 25. Nd4+ Kf6 26. b4 a5 27. a4 axb4 28. cxb4 Ke5 29. Nf3+ Ke6 30. Nh4 Kf6 31. e5+ Kxe5 32. Nxg6+ Kf6 33. Nxf4 Bxf2 34. Ke4 b5 35. a5 Ba7 36. Nd3 Ke6 37. h4 Kd6 38. a6 1-0

[Event "Krasnoyarsk-ch"]
[Site "Krasnoyarsk"]
[Date "2013.02.11"]
[Round "11"]
[White "Sosnin, Mikhail"]
[Black "Izbranov, Alexander"]
[Result "0-1"]
[WhiteElo "2065"]
[BlackElo "2090"]
[PlyCount "86"]
[EventDate "2013.02.01"]
[EventType "tourn"]
[EventRounds "11"]
[EventCountry "RUS"]
[SourceTitle "CBM 153 Extra"]
[Source "ChessBase"]
[SourceDate "2013.04.22"]
[SourceVersion "1"]
[SourceVersionDate "2013.04.22"]
[SourceQuality "1"]

1. e4 e5 2. Nf3 Nf6 3. Nxe5 Nxe4 4. Qe2 Qe7 5. Qxe4 d6 6. d4 dxe5 7. dxe5 Nc6 8. Nc3 Qxe5 9. Qxe5+ Nxe5 10. Bf4 Bd6 11. Bg3 Bd7 12. 0-0-0 0-0-0 13. Ne4 Bc6 14. Nxd6+ cxd6 15. f3 Rhe8 16. Rd4 f5 17. h4 h5 18. a4 Re6 19. b3 Rg6 20. Bf4 Re6 21. Kb2 Kc7 22. Ka3 b6 23. Ba6 Bb7 24. Bxb7 Kxb7 25. Rhd1 Kc6 26. b4 a6 27. b5+ axb5 28. axb5+ Kxb5 29. Bxe5 Ra8+ 30. Kb3 dxe5 31. Rc4 Ra3+ 32. Kxa3 Kxc4 33. Rd7 e4 34. Rd2 e3 35. Re2 f4 36. Kb2 Rd6 37. Kc1 Kc3 38. g3 Rd2 39. Re1 Rxc2+ 40. Kb1 Kd2 41. Rg1 e2 42. g4 hxg4 43. fxg4 f3 0-1

[Event "Krasnoyarsk-ch"]
[Site "Krasnoyarsk"]
[Date "2013.02.10"]
[Round "10"]
[White "Sholokhov, Anatoly"]
[Black "Sosnin, Mikhail"]
[Result "1/2-1/2"]
[WhiteElo "2014"]
[BlackElo "2065"]
[PlyCount "36"]
[EventDate "2013.02.01"]
[EventType "tourn"]
[EventRounds "11"]
[EventCountry "RUS"]
[SourceTitle "CBM 153 Extra"]
[Source "ChessBase"]
[SourceDate "2013.04.22"]
[SourceVersion "1"]
[SourceVersionDate "2013.04.22"]
[SourceQuality "1"]

1. e4 Nf6 2. e5 Nd5 3. c4 Nb6 4. c5 Nd5 5. Nc3 Nxc3 6. dxc3 d6 7. Qb3 dxe5 8. Bg5 f6 9. Rd1 Bd7 10. Bc4 e6 11. Be3 Qc8 12. Nf3 Be7 13. 0-0 Kf7 14. Qc2 a5 15. Qf5 Kf8 16. Qh3 Kf7 17. Qf5 Kf8 18. Qh3 Kf7 1/2-1/2

[Event "Krasnoyarsk-ch"]
[Site "Krasnoyarsk"]
[Date "2013.02.01"]
[Round "1"]
[White "Koshkarov, Viktor"]
[Black "Sosnin, Mikhail"]
[Result "0-1"]
[WhiteElo "2002"]
[BlackElo "2065"]
[PlyCount "81"]
[EventDate "2013.02.01"]
[EventType "tourn"]
[EventRounds "11"]
[EventCountry "RUS"]
[SourceTitle "CBM 153 Extra"]
[Source "ChessBase"]
[SourceDate "2013.04.22"]
[SourceVersion "1"]
[SourceVersionDate "2013.04.22"]
[SourceQuality "1"]

1. c4 c5 2. Nc3 d6 3. g3 Nf6 4. Bg2 e6 5. e4 Be7 6. Nge2 0-0 7. 0-0 Nbd7 8. f4 a6 9. h3 Rb8 10. a4 b6 11. d3 Bb7 12. g4 Kh8 13. Ng3 Qc7 14. g5 Ng8 15. h4 Bc6 16. Bh3 b5 17. axb5 axb5 18. b3 bxc4 19. bxc4 Nb6 20. Qe2 d5 21. e5 dxc4 22. dxc4 Rfd8 23. Be3 Ra8 24. Rac1 Ra3 25. h5 g6 26. hxg6 hxg6 27. Bg2 Na4 28. Nb1 Rb3 29. Nd2 Rb2 30. Bxc6 Qxc6 31. Nge4 Kg7 32. Qh2 Rd3 33. Rf3 Bd8 34. Rh3 Kf8 35. Rh8 Qxe4 36. Nxe4 Rxh2 37. Kxh2 Kg7 38. Rh3 Bb6 39. Ra1 Nb2 40. Nd6 Nd1 41. Ra8 0-1

[Event "Krasnoyarsk-ch"]
[Site "Krasnoyarsk"]
[Date "2012.02.06"]
[Round "6"]
[White "Sosnin, Mikhail"]
[Black "Anikonov, Dmitry"]
[Result "1-0"]
[WhiteElo "2030"]
[BlackElo "2000"]
[PlyCount "125"]
[EventDate "2012.02.01"]
[EventType "tourn"]
[EventRounds "9"]
[EventCountry "RUS"]
[SourceTitle "EXT 2013"]
[Source "ChessBase"]
[SourceDate "2012.11.22"]
[SourceVersion "1"]
[SourceVersionDate "2012.11.22"]
[SourceQuality "1"]

1. e4 d5 2. exd5 Qxd5 3. Nc3 Qd6 4. Nf3 Nf6 5. h3 a6 6. a3 e6 7. Bc4 b5 8. Bb3 Bb7 9. 0-0 Be7 10. d3 0-0 11. Re1 Nbd7 12. Ng5 Nc5 13. Ba2 h6 14. Nf3 Rfd8 15. b4 Ncd7 16. Bb2 c5 17. bxc5 Nxc5 18. Ne5 Rac8 19. Rb1 Qc7 20. Ba1 Qa5 21. f4 Na4 22. Ne2 Bxa3 23. f5 Bd5 24. Bxd5 Nxd5 25. Ng3 Nac3 26. Qh5 Qc7 27. fxe6 fxe6 28. Qg6 Nf4 29. Qg4 Rf8 30. Rb3 Qc5+ 31. Kh1 Qf2 32. Rg1 Bc5 33. Nf3 b4 34. Ne4 Qxc2 35. Bxc3 bxc3 36. Rxc3 Qe2 37. Re1 Qb2 38. Rxc5 h5 39. Qg3 Nxd3 40. Rxc8 Rxc8 41. Qd6 Qb3 42. Qxa6 Rd8 43. Qa5 Rf8 44. Ned2 Qb8 45. Rf1 Qg3 46. Qxh5 g6 47. Qh4 Qxh4 48. Nxh4 Rxf1+ 49. Nxf1 Kf7 50. Ne3 Kf6 51. Nf3 e5 52. Ng4+ Kf5 53. Kg1 Kf4 54. Nf2 Nc5 55. Kf1 e4 56. Nd4 Ke3 57. Ne2 Nd3 58. Nxd3 exd3 59. Nc3 Kd2 60. Nd5 g5 61. Kf2 Kc2 62. Nb4+ Kc3 63. Nxd3 1-0

[Event "Krasnoyarsk-ch"]
[Site "Krasnoyarsk"]
[Date "2012.02.03"]
[Round "3"]
[White "Sosnin, Mikhail"]
[Black "Izbranov, Alexander"]
[Result "1-0"]
[WhiteElo "2030"]
[BlackElo "2075"]
[PlyCount "95"]
[EventDate "2012.02.01"]
[EventType "tourn"]
[EventRounds "9"]
[EventCountry "RUS"]
[SourceTitle "EXT 2013"]
[Source "ChessBase"]
[SourceDate "2012.11.22"]
[SourceVersion "1"]
[SourceVersionDate "2012.11.22"]
[SourceQuality "1"]

1. e4 e5 2. Nf3 Nf6 3. Nxe5 d6 4. Nf3 Nxe4 5. d3 Nf6 6. d4 Bg4 7. Be2 Be7 8. 0-0 0-0 9. h3 Bh5 10. c4 Re8 11. Nc3 c6 12. Be3 Nbd7 13. b4 d5 14. c5 Ne4 15. Rc1 Nxc3 16. Rxc3 Nf6 17. a4 Ne4 18. Rb3 a6 19. b5 axb5 20. axb5 Bf6 21. b6 Ra2 22. Re1 Qa8 23. g4 Bg6 24. g5 Nxg5 25. Bxg5 Bxg5 26. Bd3 Bf6 27. Bxg6 hxg6 28. Rxe8+ Qxe8 29. Re3 Qd7 30. Kg2 g5 31. Qe1 Ra8 32. Kg3 g6 33. Ne5 Qc8 34. Qd1 Qf5 35. Kg2 Bxe5 36. Rxe5 Qf6 37. Qd2 Ra3 38. Qe2 Kg7 39. Re7 Qxd4 40. Rxb7 Qc3 41. Qg4 Rb3 42. Rc7 Rb1 43. Qe6 Qf6 44. Qxf6+ Kxf6 45. Rxc6+ Ke5 46. Rc7 d4 47. Rd7 Rb4 48. b7 1-0

[Event "Krasnoyarsk-ch"]
[Site "Krasnoyarsk"]
[Date "2012.02.01"]
[Round "1"]
[White "Sosnin, Mikhail"]
[Black "Pakhomov, Denis"]
[Result "1/2-1/2"]
[WhiteElo "2030"]
[BlackElo "2059"]
[PlyCount "107"]
[EventDate "2012.02.01"]
[EventType "tourn"]
[EventRounds "9"]
[EventCountry "RUS"]
[SourceTitle "EXT 2013"]
[Source "ChessBase"]
[SourceDate "2012.11.22"]
[SourceVersion "1"]
[SourceVersionDate "2012.11.22"]
[SourceQuality "1"]

1. e4 d6 2. d4 e5 3. dxe5 dxe5 4. Qxd8+ Kxd8 5. a3 Be6 6. f4 exf4 7. Bxf4 Bd6 8. e5 Bc5 9. Nc3 Ne7 10. 0-0-0+ Kc8 11. Nf3 Ng6 12. Bg3 Nc6 13. Bb5 Nce7 14. Rhe1 Nf5 15. Ne4 Bb6 16. Neg5 c6 17. Nxe6 fxe6 18. Bc4 Re8 19. Ng5 Be3+ 20. Rxe3 Nxe3 21. Bxe6+ Rxe6 22. Nxe6 Nxd1 23. Kxd1 Kd7 24. Nxg7 Rf8 25. Ke2 Nf4+ 26. Ke3 Rf7 27. Bxf4 Rxg7 28. g3 Ke6 29. Ke4 Rd7 30. Be3 a6 31. Bd4 Rf7 32. c4 b5 33. cxb5 axb5 34. g4 Rf1 35. h4 Rh1 36. h5 Rh3 37. Kf4 Rh1 38. Kg5 Rd1 39. Bc3 Rg1 40. Kh6 Rxg4 41. Kxh7 c5 42. h6 b4 43. axb4 cxb4 44. Bd2 b3 45. Kh8 Kxe5 46. Bc3+ Ke6 47. Bg7 Kf7 48. Kh7 Rc4 49. Be5 Rc5 50. Bd4 Rc7 51. Be5 Rd7 52. Bc3 Rd5 53. Bg7 Rg5 54. Bd4 1/2-1/2

[Event "Krasnoyarsk-ch"]
[Site "Krasnoyarsk"]
[Date "2010.02.12"]
[Round "9"]
[White "Dobrovolskiy, Roman"]
[Black "Sosnin, Mikhail"]
[Result "1-0"]
[WhiteElo "2166"]
[BlackElo "2091"]
[PlyCount "115"]
[EventDate "2010.02.04"]
[EventType "tourn"]
[EventRounds "11"]
[EventCountry "RUS"]
[SourceTitle "CBM 135 Extra"]
[Source "ChessBase"]
[SourceDate "2010.05.04"]
[SourceVersion "1"]
[SourceVersionDate "2010.05.04"]
[SourceQuality "1"]

1. e4 Nf6 2. Nc3 d5 3. e5 d4 4. exf6 dxc3 5. fxg7 cxd2+ 6. Qxd2 Qxd2+ 7. Bxd2 Bxg7 8. 0-0-0 Nc6 9. Bc4 Bg4 10. f3 Bd7 11. Ne2 e6 12. Bc3 Bh6+ 13. Kb1 Rg8 14. g3 0-0-0 15. Bd3 f5 16. f4 Bg7 17. Bb5 a6 18. Bxc6 Bxc6 19. Rxd8+ Rxd8 20. Re1 Bf3 21. Bxg7 Bxe2 22. Kc1 Bc4 23. Re5 Re8 24. Kd2 h5 25. Bf6 Kd7 26. a4 Bd5 27. Kd3 b5 28. a5 c5 29. b3 b4 30. Re3 Rf8 31. Be5 Kc6 32. Re1 Be4+ 33. Kd2 Rd8+ 34. Kc1 Rd7 35. Rd1 Bd5 36. Kb2 Kb5 37. c4+ bxc3+ 38. Bxc3 Kc6 39. b4 Rb7 40. Ka3 Kb5 41. Rc1 c4 42. h3 Be4 43. Rd1 Bd3 44. Re1 Be4 45. g4 Rd7 46. Re3 hxg4 47. hxg4 Rd1 48. g5 Rf1 49. Be5 Rf2 50. g6 Bb1 51. Bb2 Rxf4 52. g7 Rg4 53. Re5+ Kc6 54. Rxe6+ Kb7 55. b5 axb5 56. a6+ Ka7 57. Bd4+ Rxd4 58. g8Q 1-0

[Event "Krasnoyarsk-ch"]
[Site "Krasnoyarsk"]
[Date "2010.02.06"]
[Round "3"]
[White "Sosnin, Mikhail"]
[Black "Tegay, Sergey"]
[Result "0-1"]
[WhiteElo "2091"]
[BlackElo "2128"]
[PlyCount "79"]
[EventDate "2010.02.04"]
[EventType "tourn"]
[EventRounds "11"]
[EventCountry "RUS"]
[SourceTitle "CBM 135 Extra"]
[Source "ChessBase"]
[SourceDate "2010.05.04"]
[SourceVersion "1"]
[SourceVersionDate "2010.05.04"]
[SourceQuality "1"]

1. c4 e5 2. Nf3 e4 3. Nd4 Nc6 4. Nxc6 dxc6 5. Nc3 Nf6 6. Qb3 Bd6 7. g3 0-0 8. Bg2 Re8 9. 0-0 c5 10. d3 exd3 11. exd3 Be5 12. Be3 Bd4 13. Bxd4 cxd4 14. Ne4 Nxe4 15. Bxe4 Rb8 16. Rfe1 Be6 17. Qb5 c6 18. Qh5 g6 19. Qh6 Qf6 20. h4 Re7 21. h5 Rbe8 22. f3 Qg7 23. Qg5 f5 24. h6 Qf7 25. g4 fxe4 26. fxe4 Rf8 27. Rf1 Qe8 28. Rxf8+ Qxf8 29. Rf1 Rf7 30. Rxf7 Bxf7 31. a3 Be6 32. Kg2 Bd7 33. a4 Kf7 34. b3 Ke6 35. Kg3 Qf6 36. Qa5 Qe5+ 37. Qxe5+ Kxe5 38. g5 a5 39. Kf3 Bh3 40. Kg3 0-1

[Event "Krasnoyarsk-ch"]
[Site "Krasnoyarsk"]
[Date "2010.02.04"]
[Round "1"]
[White "Sosnin, Mikhail"]
[Black "Pavlov, Oleg Yuryevich"]
[Result "0-1"]
[WhiteElo "2091"]
[BlackElo "2292"]
[PlyCount "132"]
[EventDate "2010.02.04"]
[EventType "tourn"]
[EventRounds "11"]
[EventCountry "RUS"]
[SourceTitle "CBM 135 Extra"]
[Source "ChessBase"]
[SourceDate "2010.05.04"]
[SourceVersion "1"]
[SourceVersionDate "2010.05.04"]
[SourceQuality "1"]

1. c4 Nf6 2. Nf3 e6 3. g3 b6 4. Bg2 Bb7 5. d3 c5 6. Nc3 Be7 7. 0-0 0-0 8. a3 d5 9. e3 Nc6 10. cxd5 Nxd5 11. d4 Nxc3 12. bxc3 Qc7 13. e4 Rfd8 14. Bf4 Bd6 15. Be3 Na5 16. Qb1 h6 17. e5 Bf8 18. g4 Rac8 19. h4 cxd4 20. cxd4 Qc2 21. g5 Qxb1 22. Rfxb1 Nc4 23. a4 Be4 24. Rc1 Bb4 25. gxh6 Nxe3 26. Rxc8 Rxc8 27. fxe3 gxh6 28. Ra2 Rc2 29. Ra1 Re2 30. Rc1 Rxe3 31. Rc8+ Kg7 32. Kf2 Rc3 33. Rd8 Bc6 34. Kg3 Bxa4 35. Ra8 Rc7 36. d5 exd5 37. Nd4 Bd7 38. Bxd5 Bc3 39. Nf3 Rc5 40. Ba2 Bxe5+ 41. Nxe5 Rxe5 42. Rxa7 Ra5 43. Rxd7 Rxa2 44. Rb7 Rb2 45. Kf4 Kf6 46. Rb8 Rb4+ 47. Kg3 h5 48. Rh8 Rg4+ 49. Kh3 Kg6 50. Rg8+ Kh7 51. Rc8 Rb4 52. Kg3 f6 53. Rd8 Kg6 54. Rd5 Rb1 55. Rd8 b5 56. Rg8+ Kf5 57. Rd8 b4 58. Rd5+ Kg6 59. Rb5 b3 60. Kf2 b2 61. Kg2 f5 62. Rb6+ Kf7 63. Rb8 f4 64. Rb4 f3+ 65. Kh2 Ke7 66. Rf4 Rf1 0-1

[Event "Krasnoyarsk op"]
[Site "Krasnoyarsk"]
[Date "2009.10.09"]
[Round "9"]
[White "Malikov, Alexandr"]
[Black "Sosnin, Mikhail"]
[Result "1-0"]
[WhiteElo "2120"]
[BlackElo "2112"]
[PlyCount "97"]
[EventDate "2009.10.01"]
[EventType "swiss"]
[EventRounds "11"]
[EventCountry "RUS"]
[SourceTitle "EXT 2010"]
[Source "ChessBase"]
[SourceDate "2010.11.25"]
[SourceVersion "1"]
[SourceVersionDate "2010.11.25"]
[SourceQuality "1"]

1. d4 d5 2. c4 Nc6 3. Nc3 dxc4 4. Nf3 Bg4 5. d5 Bxf3 6. exf3 Ne5 7. Bf4 Nd3+ 8. Bxd3 cxd3 9. 0-0 Nf6 10. Qb3 Rb8 11. Rad1 a6 12. Rfe1 g6 13. Rxd3 Bg7 14. d6 cxd6 15. Rxd6 Qc8 16. Rb6 Nd7 17. Nd5 e5 18. Rc1 exf4 19. Rxc8+ Rxc8 20. g3 Nxb6 21. Qxb6 Rc1+ 22. Kg2 0-0 23. Nxf4 Rc2 24. Qxb7 a5 25. Qa7 Rxb2 26. Qxa5 Bd4 27. Nd3 Rb1 28. Qd5 Bg7 29. h4 Bf6 30. h5 Rd8 31. Qe4 Kg7 32. Nf4 Rdd1 33. Nh3 g5 34. Qf5 h6 35. f4 gxf4 36. Qg4+ Kf8 37. Qxf4 Bg7 38. Qf5 Rb8 39. a4 Ra1 40. Nf4 Kg8 41. Nd5 Rxa4 42. Ne7+ Kf8 43. Ng6+ Ke8 44. Nf4 Rab4 45. Nd5 R4b7 46. Qh7 Kf8 47. Ne3 Rb6 48. Nf5 Bb2 49. Nxh6 1-0

[Event "Berdsk Maestro op 15th"]
[Site "Berdsk"]
[Date "2009.07.16"]
[Round "9"]
[White "Sosnin, Mikhail"]
[Black "Koveshnikova, Daria"]
[Result "0-1"]
[WhiteElo "2197"]
[BlackElo "1994"]
[PlyCount "66"]
[EventDate "2009.07.08"]
[EventType "swiss"]
[EventRounds "9"]
[EventCountry "RUS"]
[SourceTitle "EXT 2022"]
[Source "ChessBase"]
[SourceDate "2021.10.06"]
[SourceVersion "1"]
[SourceVersionDate "2021.10.06"]
[SourceQuality "1"]

1. e4 c5 2. c3 Nf6 3. e5 Nd5 4. d4 cxd4 5. cxd4 d6 6. f4 Nc6 7. Nc3 Nxc3 8. bxc3 dxe5 9. fxe5 Bf5 10. Nf3 e6 11. Bb5 Be7 12. 0-0 0-0 13. Be3 f6 14. Bf4 fxe5 15. Nxe5 Nxe5 16. Bxe5 Bf6 17. Bc4 Kh8 18. Bxf6 Qxf6 19. Qb3 Qg5 20. Rae1 Qd2 21. Re2 Bd3 22. Qd1 Rxf1+ 23. Qxf1 Bxe2 24. Bxe2 Qxc3 25. Qf4 Rd8 26. d5 Qc5+ 27. Kh1 Qxd5 28. h3 Qxa2 29. Qc7 Qb1+ 30. Kh2 Qb6 31. Qf7 Qd6+ 32. Kg1 Qd4+ 33. Kh2 Qe5+ 0-1

[Event "Berdsk Maestro op 15th"]
[Site "Berdsk"]
[Date "2009.07.15"]
[Round "8"]
[White "Artemiev, Vladislav"]
[Black "Sosnin, Mikhail"]
[Result "1-0"]
[WhiteElo "2099"]
[BlackElo "2197"]
[PlyCount "55"]
[EventDate "2009.07.08"]
[EventType "swiss"]
[EventRounds "9"]
[EventCountry "RUS"]
[SourceTitle "EXT 2022"]
[Source "ChessBase"]
[SourceDate "2021.10.06"]
[SourceVersion "1"]
[SourceVersionDate "2021.10.06"]
[SourceQuality "1"]

1. e4 Nf6 2. e5 Nd5 3. d4 d6 4. Nf3 Bg4 5. Be2 g6 6. 0-0 Bg7 7. h3 Bf5 8. c4 Nb6 9. exd6 cxd6 10. Nc3 0-0 11. Bg5 h6 12. Be3 Nc6 13. b3 e5 14. Qd2 Kh7 15. dxe5 dxe5 16. Rad1 e4 17. Nd4 Nxd4 18. Bxd4 Qe7 19. Bxg7 Kxg7 20. Qe3 Rfe8 21. g4 Be6 22. c5 Nd7 23. Nxe4 Nf6 24. Nd6 Red8 25. f4 Qc7 26. Qe5 Rxd6 27. Rxd6 Re8 28. Rxe6 1-0

[Event "Berdsk Maestro op 15th"]
[Site "Berdsk"]
[Date "2009.07.09"]
[Round "2"]
[White "Popov, Vyacheslav"]
[Black "Sosnin, Mikhail"]
[Result "1-0"]
[WhiteElo "1833"]
[BlackElo "2197"]
[PlyCount "101"]
[EventDate "2009.07.08"]
[EventType "swiss"]
[EventRounds "9"]
[EventCountry "RUS"]
[SourceTitle "EXT 2022"]
[Source "ChessBase"]
[SourceDate "2021.10.06"]
[SourceVersion "1"]
[SourceVersionDate "2021.10.06"]
[SourceQuality "1"]

1. e4 Nf6 2. e5 Nd5 3. d4 d6 4. c4 Nb6 5. f4 dxe5 6. fxe5 c5 7. d5 e6 8. Nc3 exd5 9. cxd5 c4 10. Nf3 Bb4 11. Bxc4 0-0 12. Bb3 Bg4 13. Qd4 Bxf3 14. gxf3 Nc6 15. Qe4 Nxe5 16. Kd1 Bxc3 17. bxc3 Qf6 18. f4 Ng4 19. Qf3 Qh4 20. Kc2 a5 21. a4 Rac8 22. Bd2 Rfd8 23. Rag1 Nf6 24. Rg5 g6 25. Be3 Rd6 26. Rhg1 Qxh2+ 27. Bf2 Nbxd5 28. Bxd5 Nxd5 29. Rxd5 Rxd5 30. Rh1 Qxh1 31. Qxh1 Rcd8 32. Bd4 h5 33. Qh4 Kf8 34. Qf6 R8d7 35. Qh8+ Ke7 36. Bf6+ Ke6 37. Bh4 Kf5 38. Bg5 Kg4 39. Qf6 b5 40. axb5 Rxb5 41. Qc6 Rbd5 42. c4 Rd2+ 43. Kb3 R7d3+ 44. Ka4 Rb2 45. Qc8+ Kg3 46. Qc5 Rd1 47. Qa3+ Kg4 48. Qxb2 Rd3 49. Qe2+ Rf3 50. c5 h4 51. Bxh4 1-0